<?xml version="1.0" encoding="UTF-8"?><record xmlns="http://www.loc.gov/MARC21/slim" xmlns:zs="http://docs.oasis-open.org/ns/search-ws/sruResponse">
  <leader>00339nz  a2200121n  4500</leader>
  <controlfield tag="001">nr2002018771</controlfield>
  <controlfield tag="003">DLC</controlfield>
  <controlfield tag="005">20020515033141.0</controlfield>
  <controlfield tag="008">020514n| acannaabn          |n aaa     c</controlfield>
  <datafield ind1=" " ind2=" " tag="010">
    <subfield code="a">nr2002018771</subfield>
  </datafield>
  <datafield ind1=" " ind2=" " tag="040">
    <subfield code="a">CSt</subfield>
    <subfield code="b">eng</subfield>
    <subfield code="c">CSt</subfield>
  </datafield>
  <datafield ind1="1" ind2=" " tag="100">
    <subfield code="a">Maischberger, Sandra,</subfield>
    <subfield code="d">1966-</subfield>
  </datafield>
  <datafield ind1=" " ind2=" " tag="670">
    <subfield code="a">Hand aufs Herz, 2002:</subfield>
    <subfield code="b">t.p. (Sandra Maischberger) jkt. flap (b. 1966)</subfield>
  </datafield>
</record>
